000
00332 a2200145 4500
001
148855
040
_c
Escola São Tomás de Aquino
100
_a
PAULA, Branca Maria de
240
1
0
_a
Pacífico o gato
_l
por
245
1
0
_a
Pacífico o gato
362
0
_a
1999
440
1
_a
Paulinas
697
_a
*LITERATURA INFANTO
942
_c
BK
999
_c
148855
_d
148855